|
|
|
|
| LEADER |
01013nam a2200253 a 4500 |
| 001 |
12742418 |
| 008 |
101011m20082002njua b 001 0 eng d |
| 010 |
|
|
|a 2002279844
|
| 020 |
|
|
|a 9788131714409
|
| 020 |
|
|
|a 013089592X
|
| 040 |
|
|
|a DLC
|c DLC
|d DLC
|d BD-DhAAL
|
| 082 |
0 |
0 |
|a 005.13/3
|2 21
|
| 100 |
1 |
|
|a Harbison, Samuel P.
|
| 245 |
1 |
0 |
|a C, a reference manual /
|c Samuel P. Harbison, III, Guy L. Steele, Jr.
|
| 250 |
|
|
|a 5th ed.
|
| 260 |
|
|
|a Upper Saddle River, N.J. :
|b Prentice-Hall ;
|a New Delhi ;
|a Pearson Education,
|c c2002[impression 2008].
|
| 300 |
|
|
|a xviii, 533 p. :
|b ill. ;
|c 24 cm.
|
| 504 |
|
|
|a Includes bibliographical references and index.
|
| 541 |
1 |
|
|e 00021175
|
| 650 |
|
0 |
|a C (Computer program language)
|
| 700 |
1 |
|
|a Steele, Guy L.,
|d 1954-
|
| 852 |
4 |
|
|a Ayesha Abed Library
|j General Shelf.
|
| 999 |
|
|
|c 9727
|d 9727
|
| 952 |
|
|
|0 0
|1 0
|2 ddc
|4 0
|6 005_133000000000000_HAR
|7 0
|9 12387
|a BRACUL
|b BRACUL
|c GEN
|d 2010-10-11
|l 2
|m 11
|o 005.133 HAR
|p 3010021175
|r 2025-04-20
|s 2024-10-30
|t 1
|w 2010-10-11
|y BK
|x Koha Inventory 2020
|